Quels cours ont fréquenté ces acteurs ? - Statistiques

Statistiques générales
  • Ce quiz a été pris 5 fois
  • Le résultat moyen est 10 sur 150
Statistiques - réponses
Question Tuile Select % Correct
Jean-Pierre MARIELLE Cours Simon Non
60%
Alexandra LAMY Conservatoire National d'art dramatique Non
40%
Jean-Paul ROUVE Conservatoire National d'art dramatique Non
40%
Alexandra LAMY Cours Florent Oui
40%
Annie GIRARDOT Cours Florent Non
40%
Denis PODALYDES Cours Simon Non
40%
Alexandra LAMY Cours Simon Non
40%
Jean-Paul ROUVE Cours Simon Non
40%
Gaspard ULLIEL Cours Simon Non
40%
Isabelle ADJANI Conservatoire National d'art dramatique Non
20%
Anne ROUMANOFF Conservatoire National d'art dramatique Non
20%
Denis PODALYDES Conservatoire National d'art dramatique Oui
20%
Daniel AUTEUIL Conservatoire National d'art dramatique Non
20%
Clotilde COUREAU Conservatoire National d'art dramatique Non
20%
Guillaume CANET Conservatoire National d'art dramatique Non
20%
Annie GIRARDOT Conservatoire National d'art dramatique Oui
20%
Jean-Pierre BACRI Conservatoire National d'art dramatique Non
20%
Gaspard ULLIEL Conservatoire National d'art dramatique Non
20%
Jean-Pierre MARIELLE Conservatoire National d'art dramatique Oui
20%
Michel BOUQUET Conservatoire National d'art dramatique Oui
20%
Francis HUSTER Cours Florent Oui
20%
Chantal LADESOU Cours Florent Non
20%
Isabelle ADJANI Cours Florent Oui
20%
Denis PODALYDES Cours Florent Oui
20%
Daniel AUTEUIL Cours Florent Oui
20%
Clotilde COUREAU Cours Florent Oui
20%
Guillaume CANET Cours Florent Oui
20%
Jean-Paul ROUVE Cours Florent Oui
20%
Gaspard ULLIEL Cours Florent Oui
20%
Michel BOUQUET Cours Florent Non
20%
André DUSSOLIER Cours Florent Non
20%
Isabelle ADJANI Cours Simon Non
20%
Daniel AUTEUIL Cours Simon Non
20%
Clotilde COUREAU Cours Simon Non
20%
Guillaume CANET Cours Simon Non
20%
Annie GIRARDOT Cours Simon Non
20%
Michel BOUQUET Cours Simon Non
20%
Anny DUPEREY Cours Simon Non
20%
Michèle MORGAN Conservatoire National d'art dramatique Non
0%
Michel PICCOLI Conservatoire National d'art dramatique Non
0%
Edwige FEUILLERE Conservatoire National d'art dramatique Non
0%
Jean LEFEBVRE Conservatoire National d'art dramatique Oui
0%
Michel SERRAULT Conservatoire National d'art dramatique Non
0%
Serge REGGIANI Conservatoire National d'art dramatique Oui
0%
Francis HUSTER Conservatoire National d'art dramatique Oui
0%
Robert HOSSEIN Conservatoire National d'art dramatique Non
0%
Claude BRASSEUR Conservatoire National d'art dramatique Oui
0%
Valérie MAIRESSE Conservatoire National d'art dramatique Non
0%
Chantal LADESOU Conservatoire National d'art dramatique Non
0%
Françoise FABIAN Conservatoire National d'art dramatique Oui
0%
Daniel GELIN Conservatoire National d'art dramatique Oui
0%
Maria PACOME Conservatoire National d'art dramatique Non
0%
Gérard PHILIPPE Conservatoire National d'art dramatique Oui
0%
Jean RENO Conservatoire National d'art dramatique Non
0%
Patrick TIMSIT Conservatoire National d'art dramatique Non
0%
Charlotte de TURCKHEIM Conservatoire National d'art dramatique Non
0%
Odile VUILLEMIN Conservatoire National d'art dramatique Non
0%
Christophe LAMBERT Conservatoire National d'art dramatique Oui
0%
Louis de FUNES Conservatoire National d'art dramatique Non
0%
Bruno CREMER Conservatoire National d'art dramatique Oui
0%
Claude RICH Conservatoire National d'art dramatique Oui
0%
Jean ROCHEFORT Conservatoire National d'art dramatique Oui
0%
Jean-Hugues ANGLADE Conservatoire National d'art dramatique Oui
0%
Richard BERRY Conservatoire National d'art dramatique Oui
0%
Didier BOURDON Conservatoire National d'art dramatique Oui
0%
Patrick CHESNAIS Conservatoire National d'art dramatique Oui
0%
Jean-Pierre DARROUSSIN Conservatoire National d'art dramatique Oui
0%
Michel DUCHAUSSOY Conservatoire National d'art dramatique Oui
0%
Anny DUPEREY Conservatoire National d'art dramatique Oui
0%
André DUSSOLIER Conservatoire National d'art dramatique Oui
0%
Catherine FROT Conservatoire National d'art dramatique Oui
0%
Samuel LE BIHAN Conservatoire National d'art dramatique Oui
0%
Philippe TORRETON Conservatoire National d'art dramatique Oui
0%
Muriel ROBIN Conservatoire National d'art dramatique Oui
0%
Jeanne MOREAU Conservatoire National d'art dramatique Oui
0%
Michèle MORGAN Cours Florent Non
0%
Michel PICCOLI Cours Florent Non
0%
Edwige FEUILLERE Cours Florent Non
0%
Jean LEFEBVRE Cours Florent Non
0%
Michel SERRAULT Cours Florent Non
0%
Serge REGGIANI Cours Florent Non
0%
Robert HOSSEIN Cours Florent Non
0%
Claude BRASSEUR Cours Florent Non
0%
Valérie MAIRESSE Cours Florent Non
0%
Françoise FABIAN Cours Florent Non
0%
Daniel GELIN Cours Florent Non
0%
Maria PACOME Cours Florent Non
0%
Gérard PHILIPPE Cours Florent Non
0%
Jean RENO Cours Florent Non
0%
Anne ROUMANOFF Cours Florent Non
0%
Patrick TIMSIT Cours Florent Non
0%
Charlotte de TURCKHEIM Cours Florent Oui
0%
Odile VUILLEMIN Cours Florent Non
0%
Christophe LAMBERT Cours Florent Oui
0%
Louis de FUNES Cours Florent Non
0%
Jean-Pierre BACRI Cours Florent Non
0%
Bruno CREMER Cours Florent Non
0%
Jean-Pierre MARIELLE Cours Florent Non
0%
Claude RICH Cours Florent Non
0%
Jean ROCHEFORT Cours Florent Non
0%
Jean-Hugues ANGLADE Cours Florent Non
0%
Richard BERRY Cours Florent Non
0%
Didier BOURDON Cours Florent Non
0%
Patrick CHESNAIS Cours Florent Non
0%
Jean-Pierre DARROUSSIN Cours Florent Non
0%
Michel DUCHAUSSOY Cours Florent Non
0%
Anny DUPEREY Cours Florent Non
0%
Catherine FROT Cours Florent Non
0%
Samuel LE BIHAN Cours Florent Non
0%
Philippe TORRETON Cours Florent Non
0%
Muriel ROBIN Cours Florent Oui
0%
Jeanne MOREAU Cours Florent Non
0%
Michèle MORGAN Cours Simon Oui
0%
Michel PICCOLI Cours Simon Oui
0%
Edwige FEUILLERE Cours Simon Oui
0%
Jean LEFEBVRE Cours Simon Oui
0%
Michel SERRAULT Cours Simon Oui
0%
Serge REGGIANI Cours Simon Oui
0%
Francis HUSTER Cours Simon Oui
0%
Robert HOSSEIN Cours Simon Oui
0%
Claude BRASSEUR Cours Simon Oui
0%
Valérie MAIRESSE Cours Simon Oui
0%
Chantal LADESOU Cours Simon Oui
0%
Françoise FABIAN Cours Simon Oui
0%
Daniel GELIN Cours Simon Oui
0%
Maria PACOME Cours Simon Oui
0%
Gérard PHILIPPE Cours Simon Oui
0%
Jean RENO Cours Simon Oui
0%
Anne ROUMANOFF Cours Simon Oui
0%
Patrick TIMSIT Cours Simon Oui
0%
Charlotte de TURCKHEIM Cours Simon Oui
0%
Odile VUILLEMIN Cours Simon Oui
0%
Christophe LAMBERT Cours Simon Non
0%
Louis de FUNES Cours Simon Oui
0%
Jean-Pierre BACRI Cours Simon Oui
0%
Bruno CREMER Cours Simon Non
0%
Claude RICH Cours Simon Non
0%
Jean ROCHEFORT Cours Simon Non
0%
Jean-Hugues ANGLADE Cours Simon Non
0%
Richard BERRY Cours Simon Non
0%
Didier BOURDON Cours Simon Non
0%
Patrick CHESNAIS Cours Simon Non
0%
Jean-Pierre DARROUSSIN Cours Simon Non
0%
Michel DUCHAUSSOY Cours Simon Non
0%
André DUSSOLIER Cours Simon Non
0%
Catherine FROT Cours Simon Non
0%
Samuel LE BIHAN Cours Simon Non
0%
Philippe TORRETON Cours Simon Non
0%
Muriel ROBIN Cours Simon Non
0%
Jeanne MOREAU Cours Simon Non
0%
Aucun quiz correspondant
Distribution des résultats
% des personnes avec chaque résultat
Percentile par nombre de réponses
Votre historique - résultats
Vous n’avez pas pris ce quiz